书目信息 |
| 题名: |
实验地球化学
|
|
| 作者: | 曾贻善 编著 | |
| 分册: | ||
| 出版信息: | 北京 北京大学出版社 2003 |
|
| 页数: | 343页 | |
| 开本: | 20cm | |
| 丛书名: | ||
| 单 册: | ||
| 中图分类: | P599 | |
| 科图分类: | ||
| 主题词: | 实验地球化学 | |
| 电子资源: | ||
| ISBN: | 7-301-06072-6 | |
| 000 | 00670nam0 2200229 45 | |
| 001 | 0187010170 | |
| 005 | 20040528170527.2 | |
| 010 | @a7-301-06072-6@dCNY35.00 | |
| 100 | @a19900808d2003 em y0chiy0121 ea | |
| 101 | 0 | @achi |
| 102 | @aCN@b110000 | |
| 105 | @ak z 000yy | |
| 200 | 10 | @Ashi yan di qiu hua xue@a实验地球化学@FCeng Yi Shan Bian Zhu@f曾贻善编著 |
| 205 | @a2版 | |
| 210 | @a北京@c北京大学出版社@d2003 | |
| 215 | @a343页@c图表@d20cm | |
| 300 | @a国家地质学基础科学研究和教学人才培养基地系列教材 | |
| 606 | @a实验地球化学 | |
| 690 | @aP599@v4 | |
| 701 | 0 | @a曾贻善@Azeng yi shan@4编著 |
| 801 | 2 | @aCN@bNLC@c20040528 |
| 905 | @b334545-547@dP599@e75=2@f3 | |
| 实验地球化学/曾贻善编著.-2版.-北京:北京大学出版社,2003 |
| 343页:图表;20cm |
| 国家地质学基础科学研究和教学人才培养基地系列教材 |
| ISBN 7-301-06072-6:CNY35.00 |
| ● |
| 相关链接 |
|
|
|
|
正题名:实验地球化学
索取号:P599/75=2
 
预约/预借
| 序号 | 登录号 | 条形码 | 馆藏地/架位号 | 状态 | 备注 |
| 1 | 0334545 | 203345451 | 第三借阅区/ [索取号:P599/75=2] | 在馆 | |
| 2 | 0334546 | 203345460 | 第三借阅区/ [索取号:P599/75=2] | 在馆 | |
| 3 | 0334547 | 203345479 | 第二样本阅览室/ [索取号:P599/75=2] | 在馆 |